[Event "Geller Memorial op-A 6th"]
[Site "Odessa"]
[Date "2010.08.29"]
[Round "9"]
[White "Strygin, Alexandr"]
[Black "Boldysh, Maxim"]
[Result "0-1"]
[WhiteElo "2179"]
[BlackElo "1815"]
[PlyCount "74"]
[EventDate "2010.08.21"]
[EventType "swiss"]
[EventRounds "9"]
[EventCountry "UKR"]
[SourceTitle "CBM 138 Extra"]
[Source "ChessBase"]
[SourceDate "2010.10.29"]
[SourceVersion "1"]
[SourceVersionDate "2010.10.29"]
[SourceQuality "1"]

1. e4 c5 2. Nf3 e6 3. d4 cxd4 4. Nxd4 a6 5. Be2 Qc7 6. 0-0 d6 7. Nc3 Nf6 8. a4 b6 9. f4 Bb7 10. Bf3 Nbd7 11. Kh1 Be7 12. Qe1 0-0 13. Be3 Nc5 14. Bg1 Rfd8 15. Rd1 Rac8 16. Qe3 d5 17. exd5 Nxd5 18. Nxd5 Bxd5 19. Bxd5 Rxd5 20. b4 e5 21. fxe5 Rxd4 22. Rxd4 Ne6 23. Rg4 b5 24. axb5 axb5 25. Qf3 Bf8 26. c3 Rd8 27. Rh4 Rd7 28. Qh5 h6 29. Rh3 Ng5 30. Re3 Rd2 31. Qg4 Ne6 32. h4 Qb7 33. Ref3 Rd7 34. Rxf7 Rxf7 35. Qxe6 Qe7 36. Qxe7 Bxe7 37. Rd1 Bxh4 0-1

[Event "Geller Memorial op-A 6th"]
[Site "Odessa"]
[Date "2010.08.27"]
[Round "7"]
[White "Bugaev, Viktor"]
[Black "Strygin, Alexandr"]
[Result "1-0"]
[WhiteElo "2049"]
[BlackElo "2179"]
[PlyCount "101"]
[EventDate "2010.08.21"]
[EventType "swiss"]
[EventRounds "9"]
[EventCountry "UKR"]
[SourceTitle "CBM 138 Extra"]
[Source "ChessBase"]
[SourceDate "2010.10.29"]
[SourceVersion "1"]
[SourceVersionDate "2010.10.29"]
[SourceQuality "1"]

1. Nf3 Nf6 2. g3 g6 3. b4 Bg7 4. Bb2 b6 5. Bg2 Bb7 6. 0-0 0-0 7. d3 d6 8. c4 a5 9. b5 e5 10. e3 Nbd7 11. d4 Re8 12. Nc3 Ne4 13. Nd5 Ndf6 14. Nxf6+ Bxf6 15. h4 Qe7 16. Re1 Rad8 17. Nd2 Nxd2 18. Qxd2 Bxg2 19. Kxg2 e4 20. h5 d5 21. hxg6 hxg6 22. Rac1 Qe6 23. cxd5 Rxd5 24. a4 Kg7 25. Rh1 Rh8 26. Rxh8 Kxh8 27. Rc6 Qd7 28. Qe2 Bg7 29. Kf1 Rh5 30. Ke1 Bf8 31. Bc3 Qd5 32. Qc4 Rh1+ 33. Kd2 Qf5 34. d5+ Bg7 35. Bxg7+ Kxg7 36. Qd4+ f6 37. Rxc7+ Kh6 38. Rc2 Qxf2+ 39. Kc3 Qe1+ 40. Kb3 Qb1+ 41. Rb2 Qd1+ 42. Rc2 Qb1+ 43. Qb2 Qd1 44. Qxf6 Rh2 45. Qh8+ Kg5 46. Qxh2 Qb1+ 47. Rb2 Qd1+ 48. Qc2 Qxd5+ 49. Qc4 Qd1+ 50. Ka2 Qxa4+ 51. Qxa4 1-0

[Event "UKR-chT 17th"]
[Site "Alushta"]
[Date "2010.05.19"]
[Round "10.1"]
[White "Strygin, Alexandr"]
[Black "Borovikov, Vladislav"]
[Result "0-1"]
[WhiteElo "2261"]
[BlackElo "2599"]
[PlyCount "82"]
[EventDate "2010.05.13"]
[EventType "team-tourn"]
[EventRounds "11"]
[EventCountry "UKR"]
[SourceTitle "EXT 2019"]
[Source "ChessBase"]
[SourceDate "2018.10.10"]
[SourceVersion "1"]
[SourceVersionDate "2018.10.10"]
[SourceQuality "1"]
[WhiteTeam "Krim KRDY"]
[BlackTeam "Kharkov Law Academy"]
[WhiteTeamCountry "UKR"]
[BlackTeamCountry "UKR"]

1. e4 c5 2. Nf3 d6 3. d4 cxd4 4. Nxd4 Nf6 5. Nc3 a6 6. Bg5 Nbd7 7. f4 e5 8. Nb3 h6 9. Bxf6 Nxf6 10. Qd2 Qc7 11. g3 Be7 12. 0-0-0 b5 13. Kb1 0-0 14. Be2 Bb7 15. Bf3 Qb6 16. Rhe1 a5 17. Qd3 b4 18. Nd5 Nxd5 19. exd5 Bf6 20. Nd2 Ba6 21. Qf5 Bc8 22. Qd3 Ba6 23. Qf5 Bc8 24. Qd3 exf4 25. gxf4 Ba6 26. Qf5 Bc8 27. Qd3 g6 28. Nc4 Qc5 29. Ne3 Ba6 30. Qd2 Bc3 31. Qg2 Bxe1 32. Rxe1 Rae8 33. Be4 Qd4 34. Ng4 Rxe4 35. Qxe4 Qxe4 36. Nf6+ Kg7 37. Nxe4 Re8 38. f5 Bc8 39. Re2 Bxf5 40. Ng3 Rxe2 41. Nxe2 Be4 0-1

[Event "UKR-ch U18"]
[Site "Kiev"]
[Date "2010.02.02"]
[Round "10"]
[White "Kurayan, Ruslan"]
[Black "Strygin, Alexandr"]
[Result "1/2-1/2"]
[WhiteElo "2256"]
[BlackElo "2229"]
[PlyCount "67"]
[EventDate "2010.01.26"]
[EventType "swiss"]
[EventRounds "11"]
[EventCountry "UKR"]
[SourceTitle "CBM 134 Extra"]
[Source "ChessBase"]
[SourceDate "2010.03.03"]
[SourceVersion "1"]
[SourceVersionDate "2010.03.03"]
[SourceQuality "1"]

1. Nf3 c5 2. g3 Nc6 3. Bg2 g6 4. 0-0 Bg7 5. d3 d6 6. Nbd2 e5 7. a3 Nge7 8. c3 b6 9. b4 Rb8 10. Bb2 a6 11. Rb1 0-0 12. Ba1 Qc7 13. d4 Bf5 14. e4 Bg4 15. bxc5 bxc5 16. d5 Rxb1 17. Qxb1 Na7 18. Qd3 Bd7 19. Rb1 Rb8 20. Rxb8+ Qxb8 21. Bf1 Bb5 22. Qb1 Qc7 23. Qb3 Nec8 24. a4 Bxf1 25. Kxf1 Bf6 26. Nc4 Bd8 27. Nfd2 Nb6 28. Na3 Qd7 29. a5 Nbc8 30. Ndc4 Nb5 31. Nb1 Qh3+ 32. Kg1 Qg4 33. Nbd2 Qe2 34. Qb1 1/2-1/2

[Event "UKR-ch U18"]
[Site "Kiev"]
[Date "2010.02.01"]
[Round "9"]
[White "Strygin, Alexandr"]
[Black "Olshevskiy, Maxim"]
[Result "1/2-1/2"]
[WhiteElo "2229"]
[BlackElo "2014"]
[PlyCount "60"]
[EventDate "2010.01.26"]
[EventType "swiss"]
[EventRounds "11"]
[EventCountry "UKR"]
[SourceTitle "CBM 134 Extra"]
[Source "ChessBase"]
[SourceDate "2010.03.03"]
[SourceVersion "1"]
[SourceVersionDate "2010.03.03"]
[SourceQuality "1"]

1. e4 c5 2. Nf3 d6 3. Nc3 Nc6 4. d4 cxd4 5. Nxd4 Nf6 6. Bg5 Bd7 7. Qd2 Rc8 8. 0-0-0 Nxd4 9. Qxd4 Qa5 10. Bxf6 gxf6 11. Kb1 Qc5 12. Be2 Bg7 13. Qxc5 Rxc5 14. Rd5 f5 15. Rxc5 dxc5 16. exf5 Bxc3 17. bxc3 Bxf5 18. Rd1 Bd7 19. Bf3 b6 20. Bd5 e6 21. Be4 Ke7 22. f4 h6 23. Rd3 f5 24. Bf3 Bb5 25. Re3 Rd8 26. Kc1 Bc4 27. a3 Kf6 28. g3 Bd5 29. Be2 Be4 30. Bd3 Bc6 1/2-1/2

[Event "UKR-chT qual. group 1 16th"]
[Site "Alushta"]
[Date "2009.05.22"]
[Round "2"]
[White "Khachatryan, Vahag H"]
[Black "Strygin, Alexandr"]
[Result "0-1"]
[WhiteElo "2163"]
[BlackElo "2092"]
[PlyCount "90"]
[EventDate "2009.05.21"]
[EventType "team-tourn"]
[EventRounds "4"]
[EventCountry "UKR"]
[SourceTitle "EXT 2019"]
[Source "ChessBase"]
[SourceDate "2018.10.10"]
[SourceVersion "1"]
[SourceVersionDate "2018.10.10"]
[SourceQuality "1"]
[WhiteTeam "Cherkasy Etiud"]
[BlackTeam "Simferopol Tavriya"]
[WhiteTeamCountry "UKR"]
[BlackTeamCountry "UKR"]

1. d4 Nf6 2. c4 c5 3. Nf3 g6 4. Nc3 cxd4 5. Nxd4 Bg7 6. e4 d6 7. Be2 0-0 8. 0-0 Nc6 9. Be3 Bd7 10. Qd2 a6 11. f3 Rc8 12. Rac1 Re8 13. Kh1 Nxd4 14. Bxd4 Qa5 15. Qe3 Qh5 16. Rcd1 Be6 17. Nd5 Bxd5 18. cxd5 Rc2 19. Bc3 Bh6 20. Qf2 Bf4 21. g3 Nxe4 22. fxe4 Rxe2 23. Qg1 Be3 24. g4 Bxg1 25. gxh5 Bxh2 26. Rde1 Rxe1 27. Rxe1 Bf4 28. Rf1 Bh6 29. Rf2 Bg7 30. Bxg7 Kxg7 31. Rc2 e6 32. hxg6 hxg6 33. dxe6 Rxe6 34. Rc4 Kf6 35. Kg2 b5 36. Rb4 Ke5 37. a4 bxa4 38. Rxa4 d5 39. exd5 Kxd5 40. Kf3 f5 41. b3 Ke5 42. Rc4 Kf6 43. Rc8 Rb6 44. Rc3 a5 45. Kg3 Rb5 0-1

[Event "UKR-ch"]
[Site "Alushta"]
[Date "2009.05.19"]
[Round "9"]
[White "Strygin, Alexandr"]
[Black "Baranov, Jury"]
[Result "1/2-1/2"]
[WhiteElo "2092"]
[BlackElo "2173"]
[PlyCount "49"]
[EventDate "2009.05.11"]
[EventType "swiss"]
[EventRounds "9"]
[EventCountry "UKR"]
[SourceTitle "CBM 130 Extra"]
[Source "ChessBase"]
[SourceDate "2009.07.02"]
[SourceVersion "2"]
[SourceVersionDate "2009.07.15"]
[SourceQuality "1"]

1. e4 c5 2. Nf3 Nc6 3. Nc3 e6 4. d4 cxd4 5. Nxd4 Nf6 6. Ndb5 Bb4 7. a3 Bxc3+ 8. Nxc3 d5 9. exd5 exd5 10. Bd3 0-0 11. 0-0 d4 12. Ne4 Bf5 13. Bg5 Bxe4 14. Bxe4 h6 15. Bxf6 Qxf6 16. Qf3 Qxf3 17. Bxf3 Rfd8 18. Rfd1 Rd7 19. Rd2 Ne5 20. Be2 Rc7 21. f4 Nc4 22. Bxc4 Rxc4 23. Rf1 Rac8 24. Rff2 a5 25. g3 1/2-1/2

[Event "UKR-ch"]
[Site "Alushta"]
[Date "2009.05.14"]
[Round "4"]
[White "Burdalev, Kirill"]
[Black "Strygin, Alexandr"]
[Result "0-1"]
[WhiteElo "2217"]
[BlackElo "2092"]
[PlyCount "96"]
[EventDate "2009.05.11"]
[EventType "swiss"]
[EventRounds "9"]
[EventCountry "UKR"]
[SourceTitle "CBM 130 Extra"]
[Source "ChessBase"]
[SourceDate "2009.07.02"]
[SourceVersion "2"]
[SourceVersionDate "2009.07.15"]
[SourceQuality "1"]

1. Nf3 Nf6 2. c4 e6 3. Nc3 d5 4. d4 Be7 5. Bg5 0-0 6. e3 Nbd7 7. Qc2 a6 8. cxd5 exd5 9. Bd3 c6 10. g4 g6 11. Bh6 Re8 12. h3 Bd6 13. 0-0-0 b5 14. Kb1 Bb7 15. Bf4 Bf8 16. h4 c5 17. Ne5 c4 18. Be2 Ne4 19. Nxe4 dxe4 20. g5 Nxe5 21. Bxe5 Bd6 22. Bxd6 Qxd6 23. d5 Bxd5 24. Qc3 Qe5 25. Qa5 Rec8 26. Rd4 Be6 27. Rhd1 Qc7 28. Qc3 Rab8 29. Rd6 b4 30. Qe5 c3 31. Rd8+ Qxd8 32. Rxd8+ Rxd8 33. h5 gxh5 34. Qxe4 b3 35. axb3 Rxb3 36. Bd3 Rxb2+ 37. Kc1 Rxd3 38. Qxd3 Rb8 39. Qd6 Rc8 40. Qxa6 h4 41. Qd6 h3 42. e4 Bb3 43. Qg3 Ra8 44. Kb1 h2 45. Qxh2 Rd8 46. Qg1 Rd1+ 47. Qxd1 Bxd1 48. Kc1 Bb3 0-1

[Event "UKR-ch"]
[Site "Alushta"]
[Date "2009.05.11"]
[Round "1"]
[White "Strygin, Alexandr"]
[Black "Grinev, Valeriy"]
[Result "1/2-1/2"]
[WhiteElo "2092"]
[BlackElo "2316"]
[PlyCount "53"]
[EventDate "2009.05.11"]
[EventType "swiss"]
[EventRounds "9"]
[EventCountry "UKR"]
[SourceTitle "CBM 130 Extra"]
[Source "ChessBase"]
[SourceDate "2009.07.02"]
[SourceVersion "2"]
[SourceVersionDate "2009.07.15"]
[SourceQuality "1"]

1. e4 c6 2. d4 d5 3. e5 c5 4. c3 Nc6 5. Be2 cxd4 6. cxd4 Qb6 7. Nc3 Qxd4 8. Nxd5 Qxd1+ 9. Bxd1 Kd8 10. Nf3 Bf5 11. 0-0 e6 12. Nc3 Bb4 13. Ba4 Nge7 14. Bg5 Bxc3 15. Bxc6 Bxb2 16. Bxb7 Rb8 17. Rad1+ Ke8 18. Ba6 Nc6 19. a4 Nxe5 20. Nxe5 Bxe5 21. Bb5+ Kf8 22. Be3 a5 23. Bc5+ Kg8 24. Ba7 Ra8 25. Bc6 Rc8 26. Bb7 Re8 27. Bc6 1/2-1/2

[Event "UKR-ch sf U16"]
[Site "Nikolaev"]
[Date "2008.11.06"]
[Round "5"]
[White "Borisenko, Viacheslav"]
[Black "Strygin, Alexandr"]
[Result "1-0"]
[WhiteElo "2038"]
[BlackElo "1814"]
[PlyCount "65"]
[EventDate "2008.11.02"]
[EventType "swiss"]
[EventRounds "9"]
[EventCountry "UKR"]
[SourceTitle "EXT 2010"]
[Source "ChessBase"]
[SourceDate "2010.11.25"]
[SourceVersion "1"]
[SourceVersionDate "2010.11.25"]
[SourceQuality "1"]

1. e4 c5 2. Nf3 Nc6 3. c3 d5 4. exd5 Qxd5 5. d4 cxd4 6. cxd4 e5 7. Nc3 Bb4 8. Bd2 Bxc3 9. Bxc3 e4 10. Ne5 Nxe5 11. dxe5 Ne7 12. Qh5 0-0 13. Rd1 Qe6 14. Be2 Nc6 15. 0-0 Qxa2 16. f4 exf3 17. Rxf3 Be6 18. Bd3 g6 19. Qg5 Qd5 20. h4 Rfd8 21. Rdf1 Qc5+ 22. Kh1 Qe7 23. Qg3 Qf8 24. Rxf7 Bxf7 25. e6 Qe7 26. Rxf7 Rxd3 27. Qxd3 Qxe6 28. Rg7+ Kf8 29. Rxh7 Rd8 30. Rh8+ Ke7 31. Bb4+ Kf7 32. Rxd8 Nxb4 33. Qf3+ 1-0

[Event "UKR-chT 15th"]
[Site "Alushta"]
[Date "2008.05.25"]
[Round "6.4"]
[White "Strygin, Alexandr"]
[Black "Zherebukh, Yaroslav"]
[Result "0-1"]
[WhiteElo "1814"]
[BlackElo "2446"]
[PlyCount "80"]
[EventDate "2008.05.21"]
[EventType "team-tourn"]
[EventRounds "9"]
[EventCountry "UKR"]
[SourceTitle "EXT 2019"]
[Source "ChessBase"]
[SourceDate "2018.10.10"]
[SourceVersion "1"]
[SourceVersionDate "2018.10.10"]
[SourceQuality "1"]
[WhiteTeam "Simferopol Burevisnyk"]
[BlackTeam "Lwiw Ivan Franko University"]
[WhiteTeamCountry "UKR"]
[BlackTeamCountry "UKR"]

1. e4 c5 2. Nf3 e6 3. d4 cxd4 4. Nxd4 d6 5. Nc3 a6 6. Bd3 Nf6 7. 0-0 Be7 8. Be3 0-0 9. f4 Nc6 10. Kh1 Qc7 11. Qe2 Nxd4 12. Bxd4 e5 13. Be3 b5 14. a3 exf4 15. Bxf4 Bb7 16. Bg5 Rfe8 17. Qd2 Ng4 18. Bxe7 Rxe7 19. h3 Ne5 20. Rae1 Rae8 21. Re2 g6 22. Rfe1 Bc6 23. Re3 Nd7 24. R1e2 Qb6 25. Nd1 Nf6 26. Qe1 Re5 27. Kh2 R8e6 28. c3 Qc7 29. Kg1 Kg7 30. Bb1 h5 31. Nf2 Re8 32. Qd1 d5 33. Qd4 Qe7 34. Nd1 dxe4 35. Nf2 Kh7 36. Bc2 Re6 37. Qb4 Nd5 38. Qxe7 R8xe7 39. Rxe4 Nf4 40. Rxe6 Nxe2+ 0-1

[Event "UKR-chT 15th"]
[Site "Alushta"]
[Date "2008.05.22"]
[Round "2.4"]
[White "Strygin, Alexandr"]
[Black "Beliavsky, Alexander G"]
[Result "0-1"]
[WhiteElo "1814"]
[BlackElo "2641"]
[PlyCount "110"]
[EventDate "2008.05.21"]
[EventType "team-tourn"]
[EventRounds "9"]
[EventCountry "UKR"]
[SourceTitle "EXT 2019"]
[Source "ChessBase"]
[SourceDate "2018.10.10"]
[SourceVersion "1"]
[SourceVersionDate "2018.10.10"]
[SourceQuality "1"]
[WhiteTeam "Simferopol Burevisnyk"]
[BlackTeam "Kiev Kievchess"]
[WhiteTeamCountry "UKR"]
[BlackTeamCountry "UKR"]

1. e4 d6 2. d4 Nf6 3. Nc3 Nbd7 4. f4 e5 5. dxe5 dxe5 6. fxe5 Nxe5 7. Qxd8+ Kxd8 8. Bf4 Bd6 9. 0-0-0 Bd7 10. Kb1 Re8 11. h3 Kc8 12. Nge2 Nc4 13. g3 Bxf4 14. Nxf4 Ne5 15. Bg2 c6 16. h4 Kc7 17. Bh3 Bxh3 18. Nxh3 Neg4 19. Rhe1 Re7 20. Rd3 Rae8 21. Red1 b5 22. a3 a5 23. Rd4 Kb6 24. Rd6 Ne3 25. R1d3 Nc4 26. R6d4 Nxe4 27. Nxe4 Rxe4 28. Rxe4 Rxe4 29. Ng5 Re1+ 30. Ka2 Ne5 31. Rb3 Re2 32. Nf3 Nxf3 33. Rxf3 f6 34. Kb3 Re7 35. Kc3 Kc5 36. b3 Kd5 37. Kd3 Ke5 38. Kd2 c5 39. Rc3 Kd5 40. Rf3 b4 41. axb4 axb4 42. c3 Ke5 43. Kd1 f5 44. Kd2 h5 45. Rd3 g6 46. Rd8 Rf7 47. Re8+ Kd5 48. Re3 f4 49. gxf4 Rxf4 50. Rh3 Re4 51. cxb4 cxb4 52. Kd3 Ke5 53. Rg3 Rg4 54. Rh3 Kf5 55. Rh2 Kf4 0-1

[Event "UKR-ch sf"]
[Site "Alushta"]
[Date "2008.05.15"]
[Round "5"]
[White "Strygin, Alexandr"]
[Black "Demidiukov, Evgeniy"]
[Result "0-1"]
[WhiteElo "1814"]
[BlackElo "2144"]
[PlyCount "80"]
[EventDate "2008.05.10"]
[EventType "swiss"]
[EventRounds "9"]
[EventCountry "UKR"]
[SourceTitle "CBM 124 Extra"]
[Source "ChessBase"]
[SourceDate "2008.07.03"]
[SourceVersion "1"]
[SourceVersionDate "2008.07.03"]
[SourceQuality "1"]

1. e4 Nc6 2. Nf3 d6 3. Nc3 Nf6 4. d4 Bg4 5. Be2 d5 6. exd5 Nxd5 7. Nxd5 Qxd5 8. Be3 e6 9. 0-0 Rd8 10. c3 Be7 11. b4 0-0 12. Bf4 Rd7 13. Bg3 Bf6 14. Re1 Rfd8 15. h3 Bh5 16. Ne5 Bxe2 17. Qxe2 Bxe5 18. Bxe5 Ne7 19. b5 b6 20. c4 Qb7 21. Qg4 Ng6 22. Rad1 c6 23. Qf3 cxb5 24. Qxb7 Rxb7 25. cxb5 f6 26. Bg3 Kf7 27. Re2 Rbd7 28. Rc2 Nf8 29. Rc7 Rxc7 30. Bxc7 Rd7 31. Bg3 e5 32. d5 Ng6 33. Kf1 Ne7 34. d6 Nf5 35. Bh2 Ke6 36. g4 Nxd6 37. f4 exf4 38. Bxf4 Nxb5 39. Re1+ Kf7 40. g5 Rd5 0-1

[Event "UKR-ch sf"]
[Site "Alushta"]
[Date "2008.05.12"]
[Round "2"]
[White "Berezka, Alexandr"]
[Black "Strygin, Alexandr"]
[Result "1/2-1/2"]
[WhiteElo "2184"]
[BlackElo "1814"]
[PlyCount "96"]
[EventDate "2008.05.10"]
[EventType "swiss"]
[EventRounds "9"]
[EventCountry "UKR"]
[SourceTitle "CBM 124 Extra"]
[Source "ChessBase"]
[SourceDate "2008.07.03"]
[SourceVersion "1"]
[SourceVersionDate "2008.07.03"]
[SourceQuality "1"]

1. d4 d5 2. c4 e6 3. Nc3 Nf6 4. Bg5 Be7 5. e3 0-0 6. Nf3 Nbd7 7. Rc1 Re8 8. Bd3 a6 9. cxd5 exd5 10. Qb3 c6 11. 0-0 Ne4 12. Bf4 Ndf6 13. Qc2 Bd6 14. Be5 Bg4 15. Nxe4 dxe4 16. Bxe4 Bxf3 17. Bxf3 Bxe5 18. dxe5 Rxe5 19. Rfd1 Qe7 20. Qb3 h5 21. Rc4 Rb5 22. Qc2 Rd8 23. Rcd4 Rxd4 24. Rxd4 g6 25. g3 Rf5 26. Kg2 Nd5 27. Qd2 Nf6 28. Qd3 Kg7 29. h3 Rb5 30. Qd2 Qe5 31. a4 Rb6 32. b4 c5 33. bxc5 Qxc5 34. Qa2 Rb4 35. Rxb4 Qxb4 36. a5 b6 37. axb6 Qxb6 38. e4 a5 39. e5 Nd7 40. Qd5 Qe6 41. Qxa5 Nxe5 42. Bd5 Qf6 43. Qb5 Qd6 44. Qb3 Qe7 45. Qc3 Qf6 46. f4 Ng4 47. Qxf6+ Nxf6 48. Bc6 Nh7 1/2-1/2